Vĩ đại một con người

Đã lưu trong:
书目详细资料
主要作者: Trần, Văn Giàu
格式: 图书
语言:Undetermined
出版: Thành phố Hồ Chí Minh Trẻ 2005
主题:
标签: 添加标签
没有标签, 成为第一个标记此记录!
Thư viện lưu trữ: Trung tâm Học liệu Trường Đại học Cần Thơ
LEADER 00555nam a2200205Ia 4500
001 CTU_94452
008 210402s9999 xx 000 0 und d
020 |c 21000 
082 |a 324.2075092 
082 |b Gi111 
100 |a Trần, Văn Giàu 
245 0 |a Vĩ đại một con người 
245 0 |c Trần Văn Giàu 
260 |a Thành phố Hồ Chí Minh 
260 |b Trẻ 
260 |c 2005 
650 |a Ho Chi Minh 
650 |x Biography 
904 |i Trúc 
980 |a Trung tâm Học liệu Trường Đại học Cần Thơ